LEADER 05281oam 2200673 450 001 9910297032203321 005 20230920231210.0 010 $a2-35668-190-6 024 7 $a10.4000/books.momeditions.2225 035 $a(CKB)4100000007279162 035 $a(FrMaCLE)OB-momeditions-2225 035 $a(oapen)https://directory.doabooks.org/handle/20.500.12854/58638 035 $a(PPN)233323171 035 $a(EXLCZ)994100000007279162 100 $a20171101d2017 uy 0 101 0 $afre 135 $auu||||||m|||| 181 $ctxt$2rdacontent 182 $cc$2rdamedia 183 $acr$2rdacarrier 200 00$aRoman grec et poe?sie $edialogue des genres et nouveaux enjeux du poe?tique : actes du colloque international, Nice, 21-22 mars 2013 /$fe?dite? par Miche?le Biraud et Michel Briand 210 $cMOM Éditions 210 1$aLyon :$cMaison de l'Orient et de la Me?diterrane?e-Jean Pouilloux,$d[2017] 215 $a1 online resource (388 pages) 225 1 $aCollection de la Maison de l'orient et de la Me?diterrane?e,$x0244-5689 ;$v56. Se?rie Litte?raire et philosophique ;$v22 320 $aIncludes bibliographical references (pages 361-385) and index. 327 $aIntroduction. Entre le roman grec et la poésie : rencontres, correspondances, tensions -- 1. Images et figures poétiques / romanesques: -- Les frontières de la prose : métaphore et comparaison chez Chariton et Achille Tatius -- De Moschos à Achille Tatius : l?enlèvement d?Europè comme programme poétique -- Les instruments de musique dans le roman grec, vecteurs de la voix poétique -- «Un feu courant sous la peau » : les métaphores poétiques dans les romans: 2. Références, lectures, réécritures -- Poetic elements in the Greek novelists? prose -- Clitophon lecteur d?Ovide -- Achille Tatius et la poésie hellénistique -- Jeux de perspectives et effet d?anamorphose chez Longus, Théocrite et Ovide : l?invention de la fiction -- Chairéas à la lumière d?Achille : Chariton lecteur d?HomèreGérard RainartLa poésie imitée des oracles de Delphes dans le roman d?Héliodore, les Éthiopiques -- 3. Effets de rythme, jeux de structure: les discours de Philétas (Daphnis et Chloé, II. 3?7) : rythmes anciens et rythmes modernes de la bucolique en prose -- Rythme et concomitance dans les Éthiopiques d?Héliodore -- Atticisme et tragédie : conflits formels dans le roman d?Achille Tatius4. Le roman comme poésie, la poésie comme roman.Jocelyne PeigneyLes Éthiopiques, roman homérique? -- Des procédés romanesques dans l?épopée de Nonnos -- De Pindare à Héliodore : poésie épinicique et épinicie romanesque -- Poiesis et historia : les romans (sophistiques) grecs comme trans?fictions -- Bibliographie 330 $aQuelles sont les relations entre les deux genres complexes, variés et changeants que constituent les romans grecs anciens et la poésie, épique, lyrique, dramatique, d?époque archaïque, classique, hellénistique ? Ce recueil de dix-sept articles, issus d?un colloque tenu à Nice en 2013, ouvre à nouveaux frais ce dossier. Au-delà des influences et intertextualités, quatre domaines sont étudiés : lien entre images et figures poétiques et romanesques ; jeux de références, lectures, réécritures ; effets de rythme et jeux de structure ; roman comme poésie et poésie comme roman. Chaque aspect fait l?objet d?approches à la fois théoriques et appliquées, présentant un état des lieux critique et proposant des perspectives renouvelées, voire des interrogations originales. Sont ainsi abordés l?évolution de la prononciation du grec à l?époque impériale, le rapport description/narration et l?ekphrasis , la métaphore et la fiction, la relation des romanciers anciens à la tradition rhétorique voire scolaire, le roman épique ou tragique et la poésie romanesque, ou encore les liens avec la littérature latine. Enfin, ce sont les relations entre théorie littéraire contemporaine et réflexivité ancienne, ainsi qu?entre littérature générale et philologie classique, qui sont ici réinterrogées. 410 0$aCollection de la Maison de l'Orient et de la Me?diterrane?e ;$v56. 410 0$aCollection de la Maison de l'Orient et de la Me?diterrane?e.$pSe?rie litte?raire et philosophique ;$v22. 606 $aGreek fiction$xHistory and criticism$vCongresses 606 $aGreek poetry$xHistory and criticism$vCongresses 610 $aimage 610 $aancient Greek poetry 610 $afiction 610 $aparody 610 $adescription 610 $aprosody 610 $arhythm 610 $airony 610 $aancient Greek novel 610 $adialogue between arts 610 $arewriting 610 $anarration 610 $aintertextuality 610 $apastiche 610 $asound play 610 $arhetoric 610 $asophistic 615 0$aGreek fiction$xHistory and criticism 615 0$aGreek poetry$xHistory and criticism 676 $a870 702 $aBiraud$b Miche?le 702 $aBriand$b Michel$f1958- 801 0$bDLC 906 $aBOOK 912 $a9910297032203321 996 $aRoman grec et poe?sie$93360660 997 $aUNINA LEADER 04860nam 22007215 450 001 9910731411603321 005 20251008140636.0 010 $a3-031-30772-0 024 7 $a10.1007/978-3-031-30772-0 035 $a(CKB)5720000000232525 035 $a(DE-He213)978-3-031-30772-0 035 $a(MiAaPQ)EBC30610501 035 $a(Au-PeEL)EBL30610501 035 $a(PPN)272272302 035 $a(OCoLC)1389571376 035 $a(ODN)ODN0010067192 035 $a(EXLCZ)995720000000232525 100 $a20230627d2023 u| 0 101 0 $aeng 135 $aurnn|008mamaa 181 $ctxt$2rdacontent 182 $cc$2rdamedia 183 $acr$2rdacarrier 200 10$aAverting Disaster Before It Strikes $eHow to Make Sure Your Subordinates Warn You While There is Still Time to Act /$fby Dmitry Chernov, Ali Ayoub, Giovanni Sansavini, Didier Sornette 205 $a1st ed. 2023. 210 1$aCham :$cSpringer International Publishing :$cImprint: Springer,$d2023. 215 $a1 online resource (XXII, 376 p. 69 illus., 35 illus. in color.) 311 08$a3-031-30771-2 327 $aIntroduction -- The reason of the concealment -- Top 10 recommendations -- Results of the pilot project -- Discussion. 330 $aSome of the major industrial disasters could have been prevented. When the facts of what happened are established, their stories share a common thread: before things spiralled out of control, there were workers at the affected sites who knew that the situation was dangerous, and could become catastrophic unless immediate action was taken. But tragically, nobody dared to tell the decision-makers who could have authorized that action. With no idea of the risks they were taking, the people in charge continued as normal? and disaster struck. Because vital information about risks could not flow freely from the shop floor to the director?s office, the crucial decisions were not made in time. This observation has been documented in the following major technological accidents: Challenger space shuttle explosion (USA, 1986); Chernobyl nuclear plant disaster (USSR, 1986); Deepwater Horizon oil spill (USA, 2010); Fukushima-1 nuclear power plant disaster (Japan, 2011); and numerous other industrial disasters. After accidents like these, losses and costs for dealing with the consequences are often hundreds ? or even thousands ? of times greater than the finances that would have been required to deal with the risks when they were first recognized. This handbook is about how to transform the way large critical infrastructure companies communicate about safety and technological risks. It aims to support senior managers to get the information they need from their subordinates concerning the risks they are facing, in order to prevent accidents before it is too late. The recommendations in this handbook are based on interviews with 100 executives at various levels, working in 65 critical infrastructure companies around the world, in power, oil and gas, metals, chemicals and petrochemicals, mining and other industries. The recommendations of these leaders were also tested in the pilot project, in an industrial company which is the world leader in its sector. More than 400 managers at various levels of the corporate hierarchy, and employees at several of the company?s industrial plants, took part in the project. This open access handbook is written for the owners, senior managers, and industrial safety directors of critical infrastructure companies. . 606 $aFinancial risk management 606 $aPsychology, Industrial 606 $aManagement 606 $aSecurity systems 606 $aAutomation 606 $aRisk Management 606 $aWork and Organizational Psychology 606 $aManagement 606 $aSecurity Science and Technology 606 $aAutomation 615 0$aFinancial risk management. 615 0$aPsychology, Industrial. 615 0$aManagement. 615 0$aSecurity systems. 615 0$aAutomation. 615 14$aRisk Management. 615 24$aWork and Organizational Psychology. 615 24$aManagement. 615 24$aSecurity Science and Technology. 615 24$aAutomation. 676 $a658.155 686 $aBUS033070$aBUS041000$aPSY021000$aTEC009000$aTEC037000$2bisacsh 700 $aChernov$b Dmitry$4aut$4http://id.loc.gov/vocabulary/relators/aut$0911353 702 $aAyoub$b Ali$4aut$4http://id.loc.gov/vocabulary/relators/aut 702 $aSansavini$b Giovanni$4aut$4http://id.loc.gov/vocabulary/relators/aut 702 $aSornette$b Didier$4aut$4http://id.loc.gov/vocabulary/relators/aut 801 0$bMiAaPQ 801 1$bMiAaPQ 801 2$bMiAaPQ 906 $aBOOK 912 $a9910731411603321 996 $aAverting Disaster Before It Strikes$93567321 997 $aUNINA